000 00254nam a2200109Ia 4500
008 240625s9999 xx 000 0 und d
041 _aeng
082 _a658 PRA
100 _aPRASAD L M
245 _aPRINCIPLES AND PRACTICE OF MANAGEMENT
260 _c2012
999 _c38108
_d38108